Dyông Dư Hơamon Bahnar

Dyông Dư là một thế giới của thần linh với vị thần tối thượng bok Kei Dei, thần của các vị thần. Hơamon trình bày một hệ thống quan niệm của người Bahnar về thế giới tự nhiên và xã hội, đấy là những lớp lang quan hệ tương đối bìn...

Celý popis

Uloženo v:
Podrobná bibliografie
Médium: Kniha
Jazyk:Undetermined
Vydáno: Hà Nội Thời đại 2012
Témata:
Tagy: Přidat tag
Žádné tagy, Buďte první, kdo otaguje tento záznam!
Thư viện lưu trữ: Trung tâm Học liệu Trường Đại học Cần Thơ
LEADER 01000nam a2200193Ia 4500
001 CTU_179609
008 210402s9999 xx 000 0 und d
082 |a 398.209597 
082 |b D600 
245 0 |a Dyông Dư Hơamon Bahnar 
245 0 |c Vũ Ngọc Bình ... [et al] 
260 |a Hà Nội 
260 |b Thời đại 
260 |c 2012 
520 |a Dyông Dư là một thế giới của thần linh với vị thần tối thượng bok Kei Dei, thần của các vị thần. Hơamon trình bày một hệ thống quan niệm của người Bahnar về thế giới tự nhiên và xã hội, đấy là những lớp lang quan hệ tương đối bình đẳng, có người tốt, người xấu, có thần có... 
650 |a Folk literature,Văn học dân gian 
904 |i Nguyễn Thị Mỹ Đa 
910 |a Nguyên 
980 |a Trung tâm Học liệu Trường Đại học Cần Thơ